|
|
|
|
| LEADER |
00974cam a2200289 4500 |
| 008 |
830228s1968 ii b 000 0ceng |
| 010 |
|
|
|a sa 68010227//r80
|
| 025 |
|
|
|a PL480:I-E-9973
|
| 035 |
|
|
|a (CStRLIN)NYCG83-B15100
|
| 035 |
|
|
|a (NNC)141533
|
| 035 |
|
|
|a (OCoLC)3374231
|
| 035 |
|
|
|a (OCoLC)ocm03374231
|
| 082 |
|
|
|a 823.92 PRE/S
|
| 090 |
|
|
|a PL4758.9.S8437
|b N25
|
| 100 |
0 |
|
|a Prema Nandakumar.
|
| 245 |
1 |
0 |
|a Subramania Bharati.
|
| 260 |
|
|
|a New Delhi,
|b National Book Trust, India
|c [1968]
|
| 300 |
|
|
|a viii, 127 p.
|c 19 cm.
|
| 490 |
1 |
|
|a National biography series
|
| 504 |
|
|
|a "Select bibliography": p. [126]-127.
|
| 600 |
0 |
0 |
|a Pāratiyār,
|d 1882-1921.
|
| 650 |
|
0 |
|a Biochemistry
|y 20th century
|v Biography.
|
| 830 |
|
0 |
|a National biography series.
|
| 900 |
|
|
|a AUTH
|
| 942 |
|
|
|2 ddc
|c BK
|
| 999 |
|
|
|c 192955
|d 192955
|
| 952 |
|
|
|0 0
|1 0
|4 0
|6 894_811000000000000_PRE_S
|7 0
|9 212982
|a ENG
|b ENG
|c ST1
|d 2016-02-10
|i 12266
|l 0
|o 894.811 PRE/S
|p ENG12266
|r 2016-02-10
|w 2018-08-21
|y BK
|